|
|
|
|
| LEADER |
01122nam a2200289 a 4500 |
| 001 |
AAL973 |
| 003 |
BD-DhAAL |
| 005 |
20160210170224.0 |
| 008 |
150208s1995 enkab b 000 0 eng d |
| 010 |
|
|
|a 96106427
|
| 020 |
|
|
|a 0198280440
|
| 040 |
|
|
|a ICIU
|c ICIU
|d DLC
|d BD-DhAAL
|
| 050 |
0 |
0 |
|a HV640
|b .S676 1995
|
| 082 |
0 |
0 |
|a 362.87
|2 20
|
| 999 |
|
|
|c 33614
|d 33614
|
| 999 |
|
|
|c 33614
|
| 245 |
0 |
4 |
|a The state of the world's refugees, 1995 :
|b in search of solutions /
|c UNHCR, United Nations High Commissioner for Refugees.
|
| 260 |
|
|
|a London ;
|a New York :
|b Oxford University Press,
|c 1995.
|
| 300 |
|
|
|a 264 p. :
|b ill., maps ;
|c 26 cm.
|
| 500 |
|
|
|a Issues after 2000 are cataloged as a serial in LC.
|5 DLC
|
| 504 |
|
|
|a Includes bibliographical references (p. 259-262).
|
| 541 |
|
|
|e 973
|
| 650 |
|
0 |
|a Refugees
|x Government policy.
|9 8083
|
| 650 |
|
0 |
|a Human rights.
|9 8084
|
| 710 |
2 |
|
|a Office of the United Nations High Commissioner for Refugees.
|9 8085
|
| 942 |
|
|
|2 ddc
|c BK
|
| 952 |
|
|
|0 0
|1 0
|2 ddc
|4 0
|6 362_870000000000000
|7 0
|9 52505
|a SCL
|b SCL
|c GEN
|d 2015-02-08
|l 6
|m 2
|o 362.87
|p 3020000973
|r 2025-12-29
|s 2025-11-25
|t 1
|w 2015-02-08
|y BK
|